On This Day: June 14th II Quiz Stats

 Plays Quiz Updated Jun 14, 2018

Score 0/7 Timer 03:00
0 Plays Today
Question Answer Wrong Answers
The Continental Army is established with this man ultimately serving as Commander-in-Chief, marking the birth of the United States Army.
1775
George Washington
92.2%
Alexander Hamilton
3.7%
Patrick Henry
1.7%
James Madison
2.4%
France begins their colonization of this country when thirty-four thousand French soldiers invade Algiers.
1830
Algeria
88.5%
Angola
4.2%
Nigeria
2.6%
Liberia
4%
Argentine forces in Stanley conditionally surrender to British forces, ending this war.
1982
Falklands War
87.6%
Six-Day War
6.1%
Chaco War
1.8%
Peninsular War
2.5%
Known as the June deportation, the first major wave of ______ mass deportations and murder of Estonians, Latvians, and Lithuanians, begins.
1941
Soviet
47.9%
German
20.7%
Italian
1.4%
Polish
28.2%
This man becomes the first US President to be heard on radio, when he dedicates the Francis Scott Key memorial in Baltimore.
1922
Warren G. Harding
45.4%
Herbert Hoover
19.1%
Franklin D. Roosevelt
24.7%
William Howard Taft
9.4%
The Democratic National Convention convenes in St. Louis, with Woodrow Wilson campaigning on the slogan, ‘______.’
1916
He Kept Us Out of War
45.1%
Patriotism, Protection, and Prosperity
39.3%
Real Plans for Real People
12.7%
Rejuvenated Republicanism
1.8%
Emperor Napoleon's French Grande Armée defeats the ______ Army at the Battle of Friedland (located in modern Kaliningrad Oblast) ending the War of the Fourth Coalition.
1807
Russian
39.5%
Prussian
43.5%
British
6%
Ottoman
10.7%

You're not logged in!

Compare scores with friends on all Sporcle quizzes.
OR
Log In

Sporcle TV

Today on Sporcle TV


Watch our educational content, quiz creation guides, and fun videos on Sporcle TV.

Show Comments

Extras

Top Quizzes Today


Score Distribution

Your Account Isn't Verified!

In order to create a playlist on Sporcle, you need to verify the email address you used during registration. Go to your Sporcle Settings to finish the process.

Report this User

Report this user for behavior that violates our Community Guidelines.

Details: